00783nam a2200229 a 4500001000800000005001700008008004100025020001500066020002200081040001100103082001900114245010300133260009000236300001600326650002100342650002300363700002600386700003100412942000600443952009100449999001300540297187520240214013409.0911213s1991 enk b 001 0 eng c a0745607047 a0745607055 (pbk.) aMHcMH 222a320.bFEM.00aFeminist interpretations and political theory /cedited by Mary Lyndon Shanley and Carole Pateman. aCambridge, UK :bPolity Press in association with Basil Blackwell, Oxford, UK,c1991. ax, 288 p. ; 0aFeminist theory. 0aPolitical science.1 aPateman, Carole.eedt1 aShanley, Mary Lyndon,eedt cL 001040708LaWERCLbWERCLd2024-02-14l0o320. FEM.p2121r2024-02-14w2024-02-14yL c381d381